<?xml version="1.0" encoding="UTF-8"?><?xml-stylesheet type="text/xsl" href="static/style.xsl"?><OAI-PMH xmlns="http://www.openarchives.org/OAI/2.0/" xmlns:xsi="http://www.w3.org/2001/XMLSchema-instance" xsi:schemaLocation="http://www.openarchives.org/OAI/2.0/ http://www.openarchives.org/OAI/2.0/OAI-PMH.xsd"><responseDate>2026-04-29T04:52:16Z</responseDate><request verb="GetRecord" identifier="oai:repisalud.isciii.es:20.500.12105/18295" metadataPrefix="marc">https://repisalud.isciii.es/rest/oai/request</request><GetRecord><record><header><identifier>oai:repisalud.isciii.es:20.500.12105/18295</identifier><datestamp>2024-09-21T19:42:53Z</datestamp><setSpec>com_20.500.12105_15322</setSpec><setSpec>com_20.500.12105_2051</setSpec><setSpec>col_20.500.12105_16927</setSpec></header><metadata><record xmlns="http://www.loc.gov/MARC21/slim" xmlns:dcterms="http://purl.org/dc/terms/" xmlns:doc="http://www.lyncode.com/xoai" xmlns:xsi="http://www.w3.org/2001/XMLSchema-instance" xsi:schemaLocation="http://www.loc.gov/MARC21/slim http://www.loc.gov/standards/marcxml/schema/MARC21slim.xsd">
   <leader>00925njm 22002777a 4500</leader>
   <datafield ind2=" " ind1=" " tag="042">
      <subfield code="a">dc</subfield>
   </datafield>
   <datafield ind2=" " ind1=" " tag="720">
      <subfield code="a">Casas-Arrojo, Virginia</subfield>
      <subfield code="e">author</subfield>
   </datafield>
   <datafield ind2=" " ind1=" " tag="720">
      <subfield code="a">Decara, Juan</subfield>
      <subfield code="e">author</subfield>
   </datafield>
   <datafield ind2=" " ind1=" " tag="720">
      <subfield code="a">de Los Ángeles Arrojo-Agudo, María</subfield>
      <subfield code="e">author</subfield>
   </datafield>
   <datafield ind2=" " ind1=" " tag="720">
      <subfield code="a">Pérez-Manríquez, Claudia</subfield>
      <subfield code="e">author</subfield>
   </datafield>
   <datafield ind2=" " ind1=" " tag="720">
      <subfield code="a">Abdala-Díaz, Roberto T</subfield>
      <subfield code="e">author</subfield>
   </datafield>
   <datafield ind2=" " ind1=" " tag="260">
      <subfield code="c">2021-03-24</subfield>
   </datafield>
   <datafield ind2=" " ind1=" " tag="520">
      <subfield code="a">Porphyridium cruentum is a unicellular microalga that can synthesize and secrete to the culture medium-high amounts of polysaccharides. In this study, the immunomodulatory, cytotoxic effect and antioxidant activity of the sulfated polysaccharides (PcSPs) were determinate. The PcSPs were precipitated with 2% Cetylpyridinium bromide hydrate and ethanol and purified by dialysis. The extract was lyophilized for its characterization by Fourier transform-Infrared (FT-IR) spectroscopy and gas chromatography-mass spectrometry (GC-MS). The antioxidant activity of PcSPs were examined with assay 2,2'-azino-bis (3-ethylbenzothiazoline-6-sulfonic acid) and compared with that of the biomass, observing significant differences between the results obtained from the PcSPs and biomass. To determine their ability to induce cytokine production Tumor Necrosis Factor alpha (TNF-α) and interleukina-6 (IL-6), the immunomodulatory activity of the PcSPs has been evaluated. In the mouse macrophage cell line (RAW 264.7), PcSPs are potent inducers of IL-6 cytokines but mainly of TNF-α. The cytotoxic capacity of PcSPs was measured by the MTT colorimetric assay in colorectal carcinoma (HTC-116), human leukemia (U-937 and HL-60), breast cancer (MCF-7), lung cancer (NCI-H460) and human gingival fibroblasts (HGF-1) cell lines. The IC50 value of 2311.20 µg mL-1, 1676.74 µg mL-1, 1089.63 µg mL-1, 5498.14 µg mL-1 and 2861.49 µg mL-1 respectively in the tumor lines and 5022.55 µg mL-1 in gingival fibroblasts were obtained. Our study suggested that PcSPs from P. cruentum have a moderate immunomodulatory and cytotoxic effect. The results obtained indicate that the polysaccharides from P. cruentum are potent inducers of IL-6 cytokines and, most importantly, of TNF-α. PcSPs showed no evidence of antigenic activity or hypersensitivity when administered intraperitoneally in mice. Furthermore, the in vivo study revealed an improvement of local inflammatory response against stress in the peritoneum. These findings suggest that the PcSPs from P. cruentum might have potential as a valuable ingredient in nutraceutical products.</subfield>
   </datafield>
   <datafield ind1="8" ind2=" " tag="024">
      <subfield code="a">http://hdl.handle.net/10668/17486</subfield>
   </datafield>
   <datafield ind1="8" ind2=" " tag="024">
      <subfield code="a">http://hdl.handle.net/20.500.12105/18295</subfield>
   </datafield>
   <datafield ind1="8" ind2=" " tag="024">
      <subfield code="a">33805009</subfield>
   </datafield>
   <datafield ind1="8" ind2=" " tag="024">
      <subfield code="a">10.3390/biom11040488</subfield>
   </datafield>
   <datafield ind1="8" ind2=" " tag="024">
      <subfield code="a">2218-273X</subfield>
   </datafield>
   <datafield ind1="8" ind2=" " tag="024">
      <subfield code="a">Biomolecules</subfield>
   </datafield>
   <datafield tag="653" ind2=" " ind1=" ">
      <subfield code="a">Porphyridium cruentum</subfield>
   </datafield>
   <datafield tag="653" ind2=" " ind1=" ">
      <subfield code="a">antioxidant capacity</subfield>
   </datafield>
   <datafield tag="653" ind2=" " ind1=" ">
      <subfield code="a">immunomodulation</subfield>
   </datafield>
   <datafield tag="653" ind2=" " ind1=" ">
      <subfield code="a">sulfated polysaccharides</subfield>
   </datafield>
   <datafield ind2="0" ind1="0" tag="245">
      <subfield code="a">Immunomodulatory, Antioxidant Activity and Cytotoxic Effect of Sulfated Polysaccharides from Porphyridium cruentum. (S.F.Gray) Nägeli.</subfield>
   </datafield>
</record></metadata></record></GetRecord></OAI-PMH>